Elden Ring - Gods and Demigods Quiz - Statistics

General Stats
  • This quiz has been taken 121 times
  • The average score is 13 of 15
Answer Stats
Picture Answer % Correct
Godfrey / Horah Loux
98%
Ranni
97%
Radagon
96%
Mohg
95%
Morgott
95%
Godrick
94%
Radahn
94%
Miquella
93%
Malenia
92%
Marika
89%
Melina
88%
Messmer
86%
Godwyn
83%
Rykard
78%
Godefroy
56%
No matching quizzes found
Score Distribution
Percent of People with Each Score
Percentile by Number Answered
Your Score History
You have not taken this quiz